Financovanie zásob v podniku

Zásoby ako súčasť obežných aktív podniku. Ukazovateľ využívania zásob. Rýchlosť obratu zásob. Zdroje financovania zásob. Vlastné zdroje. Cudzie zdroje. Obchodný úver. Krátkodobý bankový úver.

Gespeichert in:
Bibliographische Detailangaben
1. Verfasser: Fetisovová, Elena
Format: Buchkapitel
Sprache:Slowakisch
Schlagworte:
Tags: Tag hinzufügen
Keine Tags, Fügen Sie das erste Tag hinzu!

MARC

LEADER 00000naa a2200000 4500
001 r027904
005 20240502071329.2
041 0 |a slo 
044 |a SK 
245 1 0 |a Financovanie zásob v podniku  |c Elena Fetisovová 
520 |a Zásoby ako súčasť obežných aktív podniku. Ukazovateľ využívania zásob. Rýchlosť obratu zásob. Zdroje financovania zásob. Vlastné zdroje. Cudzie zdroje. Obchodný úver. Krátkodobý bankový úver. 
610 2 0 |a zásoby 
610 2 0 |a rozhodovanie finančné 
610 2 0 |a financie podnikové 
610 2 0 |a riadenie zásob 
610 2 0 |a financovanie 
610 2 0 |a majetok obežný 
610 2 0 |a aktíva 
610 2 0 |a zdroje finančné cudzie 
610 2 0 |a zdroje finančné vlastné 
610 2 0 |a úver bankový 
100 1 |a Fetisovová, Elena